| 000 -LEADER |
| fixed length control field |
02530cas a2200673 4500 |
| 001 - CONTROL NUMBER |
| control field |
11177578 |
| 005 - DATE AND TIME OF LATEST TRANSACTION |
| control field |
20221105195215.0 |
| 008 - FIXED-LENGTH DATA ELEMENTS--GENERAL INFORMATION |
| fixed length control field |
740402s2020 nyuar b 0 a0eng |
| 010 ## - LIBRARY OF CONGRESS CONTROL NUMBER |
| LC control number |
74641062 |
| 016 7# - NATIONAL BIBLIOGRAPHIC AGENCY CONTROL NUMBER |
| Record control number |
0411246 |
| Source |
DNLM |
| 016 7# - NATIONAL BIBLIOGRAPHIC AGENCY CONTROL NUMBER |
| Record control number |
C56100000 |
| Source |
DNLM |
| 020 ## - INTERNATIONAL STANDARD BOOK NUMBER |
| International Standard Book Number |
9781260455281 1 |
| 022 0# - INTERNATIONAL STANDARD SERIAL NUMBER |
| International Standard Serial Number |
0092-8682 |
| ISSN-L |
0092-8682 |
| Source |
1 |
| 035 ## - SYSTEM CONTROL NUMBER |
| System control number |
(OCoLC)ocm01791712 |
| 041 ## - LANGUAGE CODE |
| Language code of text/sound track or separate title |
eng |
| 080 ## - UNIVERSAL DECIMAL CLASSIFICATION NUMBER |
| Universal Decimal Classification number |
616.07 C-95 |
| 082 04 - DEWEY DECIMAL CLASSIFICATION NUMBER |
| Edition number |
|
| 245 00 - TITLE STATEMENT |
| Title |
Current medical diagnosis & treatment. |
| Statement of responsibility, etc. |
Edited M. Papadakis, S. McPhee, M. Radow |
| 246 3# - VARYING FORM OF TITLE |
| Title proper/short title |
Current medical diagnosis and treatment |
| 246 1# - VARYING FORM OF TITLE |
| Display text |
Also known as: |
| Title proper/short title |
CMDT |
| 246 1# - VARYING FORM OF TITLE |
| Display text |
Title page has title <2009->: |
| Title proper/short title |
Lange ... current medical diagnosis & treatment |
| 250 ## - EDITION STATEMENT |
| Edition statement |
fifty - ninth edition |
| 264 ## - PRODUCTION, PUBLICATION, DISTRIBUTION, MANUFACTURE, AND COPYRIGHT NOTICE |
| Place of production, publication, distribution, manufacture |
New York, |
| Name of producer, publisher, distributor, manufacturer |
McGraw-Hill Companies, Inc., |
| Date of production, publication, distribution, manufacture, or copyright notice |
2020. |
| 300 ## - PHYSICAL DESCRIPTION |
| Extent |
1915 p.: |
| Other physical details |
illustrations, |
| Dimensions |
26 cm. |
| 310 ## - CURRENT PUBLICATION FREQUENCY |
| Current publication frequency |
Annual |
| 362 0# - DATES OF PUBLICATION AND/OR SEQUENTIAL DESIGNATION |
| Dates of publication and/or sequential designation |
1974- |
| 530 ## - ADDITIONAL PHYSICAL FORM AVAILABLE NOTE |
| Additional physical form available note |
Available online. |
| 580 ## - LINKING ENTRY COMPLEXITY NOTE |
| Linking entry complexity note |
Available also on CD-ROM. |
| 650 #0 - SUBJECT ADDED ENTRY--TOPICAL TERM |
| Topical term or geographic name entry element |
Diagnosis |
| Form subdivision |
Periodicals. |
| 9 (RLIN) |
9203 |
| 650 #0 - SUBJECT ADDED ENTRY--TOPICAL TERM |
| Topical term or geographic name entry element |
Therapeutics |
| Form subdivision |
Periodicals. |
| 9 (RLIN) |
9204 |
| 650 #6 - SUBJECT ADDED ENTRY--TOPICAL TERM |
| Topical term or geographic name entry element |
Diagnostics |
| Form subdivision |
Périodiques. |
| 9 (RLIN) |
9205 |
| 650 #6 - SUBJECT ADDED ENTRY--TOPICAL TERM |
| Topical term or geographic name entry element |
Thérapeutique |
| Form subdivision |
Périodiques. |
| 9 (RLIN) |
9206 |
| 650 #6 - SUBJECT ADDED ENTRY--TOPICAL TERM |
| Topical term or geographic name entry element |
Médecine clinique |
| Form subdivision |
Périodiques. |
| 9 (RLIN) |
9207 |
| 650 #7 - SUBJECT ADDED ENTRY--TOPICAL TERM |
| Topical term or geographic name entry element |
44.50 diagnostic and therapy: general. |
| Authority record control number or standard number |
(NL-LeOCL)077596471 |
| Source of heading or term |
bcl |
| 9 (RLIN) |
9208 |
| 650 #7 - SUBJECT ADDED ENTRY--TOPICAL TERM |
| Topical term or geographic name entry element |
Diagnosis. |
| Source of heading or term |
fast |
| Authority record control number or standard number |
(OCoLC)fst00892273 |
| 9 (RLIN) |
9209 |
| 650 #7 - SUBJECT ADDED ENTRY--TOPICAL TERM |
| Topical term or geographic name entry element |
Therapeutics. |
| Source of heading or term |
fast |
| Authority record control number or standard number |
(OCoLC)fst01149694 |
| 9 (RLIN) |
9210 |
| 650 17 - SUBJECT ADDED ENTRY--TOPICAL TERM |
| Topical term or geographic name entry element |
Diagnose. |
| Source of heading or term |
gtt |
| 9 (RLIN) |
9211 |
| 650 17 - SUBJECT ADDED ENTRY--TOPICAL TERM |
| Topical term or geographic name entry element |
Therapieën. |
| Source of heading or term |
gtt |
| 9 (RLIN) |
9212 |
| 650 #2 - SUBJECT ADDED ENTRY--TOPICAL TERM |
| Topical term or geographic name entry element |
Diagnosis. |
| 9 (RLIN) |
9209 |
| 650 #2 - SUBJECT ADDED ENTRY--TOPICAL TERM |
| Topical term or geographic name entry element |
Therapeutics. |
| 9 (RLIN) |
9210 |
| 653 ## - INDEX TERM--UNCONTROLLED |
| keyword |
მედიცინა |
| 653 ## - INDEX TERM--UNCONTROLLED |
| keyword |
თერაპია |
| 653 ## - INDEX TERM--UNCONTROLLED |
| keyword |
დიაგნოსტიკა |
| 655 #7 - INDEX TERM--GENRE/FORM |
| Genre/form data or focus term |
Periodicals. |
| Source of term |
fast |
| Authority record control number |
(OCoLC)fst01411641 |
| 9 (RLIN) |
7159 |
| 655 #7 - INDEX TERM--GENRE/FORM |
| Genre/form data or focus term |
Educational tools (form) |
| Authority record control number |
(NL-LeOCL)088143767 |
| Source of term |
gtt |
| 9 (RLIN) |
9213 |
| 655 #7 - INDEX TERM--GENRE/FORM |
| Genre/form data or focus term |
Periodicals. |
| Source of term |
lcgft |
| 9 (RLIN) |
7159 |
| 655 #2 - INDEX TERM--GENRE/FORM |
| Genre/form data or focus term |
Periodical. |
| 9 (RLIN) |
7155 |
| 700 ## - ADDED ENTRY--PERSONAL NAME |
| Personal name |
Papadakis, M. |
| Relator term |
რედაქტორი |
| 9 (RLIN) |
9214 |
| 700 ## - ADDED ENTRY--PERSONAL NAME |
| Personal name |
McPhee, S. |
| Relator term |
რედაქტორი |
| 9 (RLIN) |
9215 |
| 700 ## - ADDED ENTRY--PERSONAL NAME |
| Personal name |
Radow, M. W. |
| Relator term |
რედაქტორი |
| 9 (RLIN) |
9216 |
| 906 ## - LOCAL DATA ELEMENT F, LDF (RLIN) |
| a |
7 |
| b |
cbc |
| c |
serials |
| d |
2 |
| e |
ncip |
| f |
19 |
| g |
n-oclcserc |
| 942 ## - ADDED ENTRY ELEMENTS (KOHA) |
| Source of classification or shelving scheme |
|
| Koha item type |
წიგნი |